| 000 | 00678nam a22001337a 4500 | ||
|---|---|---|---|
| 040 | _cRUA | ||
| 082 | _aAGR TIT 2012 B051 Or.1 | ||
| 100 | _aTITH, SOKHAY. | ||
| 245 | _aWeed management on phkarumchang rice yields at royal university of agriculture វិធានការគ្រប់គ្រងស្មៅចង្រៃលើទិន្នផលពូជស្រូវផ្ការំចង់នៅសាកលវិទ្យាល័យភូមិន្ទកសិកម្ម | ||
| 260 |
_aPhnom Penh _bRUA _c2012 |
||
| 300 |
_axii; 45p. _bill. _c29cm. |
||
| 856 | _uhttps://drive.google.com/file/d/1nhjyGAuNFDAoIIW0QwQO5Et86CInrfDb/view?usp=sharing | ||
| 942 | _cAGR | ||
| 999 |
_c1225 _d1225 |
||